Images to Capital City First Syllable/s - Statistics

General Stats
  • This quiz has been taken 31 times
  • The average score is 10 of 29
Answer Stats
Picture Answer % Correct
Wellington (Well)
86%
Baghdad (Bag)
71%
Belmopan /Belgrade (Bell)
71%
Panama (Pan)
71%
Canberra (Can)
64%
Brasilia / Brazzaville (Bra)
57%
Georgetown (George)
57%
Bridgetown (Bridge)
50%
Washington D.C. (Wash)
46%
Antananarivo (Ant)
43%
Khartoum / Caracas (Car)
43%
Taipei (Tie)
36%
Damascus (Dam)
32%
Kigali /Quito / Kiev (Key)
32%
Tirana / Tehran (Tear)
32%
Kingston / Kingstown (King)
29%
Ottawa (Otter)
29%
Moscow (Moss)
25%
Helsinki (Hell)
21%
Maputo (Map)
21%
Podgorica (Pod)
18%
Dodoma / Doha (Dough)
14%
Singapore (Sing)
14%
Amsterdam (Hamster)
11%
Copenhagen (Cup)
11%
Kinshasa (Ken)
4%
Nicosia / Niamey (Knee)
4%
Basseterre (Bass)
0%
Sao Tome (Sow)
0%
No matching quizzes found
Score Distribution
Percent of People with Each Score
Percentile by Number Answered
Your Score History
You have not taken this quiz